Biggest Landmarks Of The World - Statistics

General Stats
  • This quiz has been taken 312 times
  • The average score is 9 of 11
Answer Stats
Landmark Size (metric) Size (customary) Largest % Correct
Continent (by area) 44.6 million (km) 17.2 million (mi) Asia
98%
Ocean 165.2 million (km) 63.8 million (mi) Pacific Ocean
97%
Country (by area) 17.1 million (km) 6.6 million (mi) Russian Federation
97%
Desert 9.4 million (km) 3.6 million (mi) Sahara Desert
97%
Mountain 8,848 (m) 29,029 (ft) Mt. Everest
94%
River 6,853 (km) 4,258 (mi) Nile River
93%
U.S. State (by area) 1.7 million (km) 663,300 (mi) Alaska
92%
Island (by area) 7.7 million (km) 3 million (mi) Australia
88%
Lake (freshwater) 82,103 (km) 31,700 (mi) Lake Superior
65%
Sea 3.8 million (km) 1.5 million (mi) Arabian Sea
63%
City (by area) 1,214 (km) 469 (mi) New York City
57%
No matching quizzes found
Score Distribution
Percent of People with Each Score
Percentile by Number Answered
Your Score History
You have not taken this quiz